Persahabatan dan persaudaraan

Bibliographic Details
Main Author: Mohd Ariff Tam B. Abdullah
Format: Book
Published: Selangor,Malaysia : Percetakaan Warisan , 2006
Subjects:

MARC

LEADER 00000cam a2200000 7i4500
001 0000018445
005 20080606.0
008 080605
020 |a 9834293003 
090 0 0 |a 297.56762   |b MOH 
100 0 |a Mohd Ariff Tam B. Abdullah 
245 1 0 |a Persahabatan dan persaudaraan   |c Mohd Ariff Tam B. Abdullah 
260 |a Selangor,Malaysia :   |b Percetakaan Warisan ,   |c 2006 
650 0 |a Friendship   |x Religious aspects   |x Islam 
999 |a 0001020905   |b Book   |c Adult Collection   |e Perbadanan Perpustakaan Awam Johor 
999 |a 0001020909   |b Book   |c Adult Collection   |e Perbadanan Perpustakaan Awam Johor